000 00373nam a2200133Ia 4500
005 20260328101530.0
008 260328s9999||||xx |||||||||||||| ||und||
100 _aGómez Azpeitia, Luis Gabriel
245 0 _aCon la vara que midas.... /
_cLuis Gabriel Gómez Azpeitia
260 _bUniversidad de Colima
300 _a147 p.
650 _aMEDIDAS Y DIMENSIONES
942 _cBK
999 _c9944
_d9944